TOEFL primary step 2 Book 3

Αποθηκεύτηκε σε:
Λεπτομέρειες βιβλιογραφικής εγγραφής
Συγγραφή απο Οργανισμό/Αρχή: Eduplanet
Μορφή: Βιβλίο
Έκδοση: T.P. Hồ Chí Minh Tổng hợp T.P. Hồ Chí Minh; Công ty Nhân Trí Việt 2014
Θέματα:
Ετικέτες: Προσθήκη ετικέτας
Δεν υπάρχουν, Καταχωρήστε ετικέτα πρώτοι!
Thư viện lưu trữ: Trung tâm Học liệu Lê Vũ Hùng, Trường Đại học Đồng Tháp
LEADER 01041pmm a22003738a 4500
001 00033898
005 20171026081025.0
008 160217s2014 ||||||Engsd
041 0 # |a Eng 
082 1 4 |a 428  |b T421PR 
110 |a Eduplanet 
245 1 0 |a TOEFL primary step 2  |b Book 3  |h nguồn liệu điện tử] 
260 # # |a T.P. Hồ Chí Minh  |b Tổng hợp T.P. Hồ Chí Minh; Công ty Nhân Trí Việt  |c 2014 
300 # # |a 1 CD  |c 43/4 in.  |e sách 
500 # # |a Copyright by Eduplaned ,2014 
653 # # |a Ngôn ngữ 
653 # # |a Đĩa CD 
653 # # |a Tự học 
653 # # |a Tiếng Anh 
653 # # |a TOEFL 
653 # # |a Sách luyện thi 
852 # # |j DPT.0003367  |j DPT.0003368 
852 # # |b Kho đa phương tiện  |j DPT.0003367, DPT.0003368 
910 0 # |d 17/02/2016 
980 # # |a Trung tâm Học liệu Lê Vũ Hùng, Trường Đại học Đồng Tháp